[Event "IEWCC"]
[Site "Istanbul TUR"]
[Date "2003.06.12"]
[Round "9"]
[White "Cavusoglu,Y"]
[Black "Muhren,B"]
[Result "0-1"]
[WhiteElo "2045"]
[BlackElo "2092"]
[EventDate "2003.06.02"]

1. d4 d5 2. c4 dxc4 3. Nf3 Nf6 4. e3 e6 5. Bxc4 c5 6. O-O a6 7. Nc3 Nc6 8.
a3 b5 9. Ba2 Be7 10. d5 exd5 11. Nxd5 O-O 12. Nxe7+ Qxe7 13. h3 Bf5 14. Bb1
Rad8 15. Qe1 Ne4 16. Bd2 Rd6 17. Bc3 Rfd8 18. b3 Rh6 19. Bb2 Rdd6 20. Kh2
Bxh3 21. gxh3 Rxh3+ 22. Kxh3 Qe6+ 23. Kh2 Qh6+ 0-1

[Event "IEWCC"]
[Site "Istanbul TUR"]
[Date "2003.06.12"]
[Round "9"]
[White "Cinar,N"]
[Black "Lauterbach,I"]
[Result "0-1"]
[WhiteElo "2090"]
[BlackElo "2144"]
[EventDate "2003.06.02"]

1. e4 d6 2. d4 Nf6 3. Nc3 g6 4. Be3 c6 5. f3 Nbd7 6. Qd2 b5 7. Nge2 Nb6 8.
Ng3 h5 9. Bd3 Qc7 10. O-O a6 11. a4 b4 12. Nd1 c5 13. a5 Nbd7 14. c3 h4 15.
Ne2 c4 16. Bb1 b3 17. Nf2 e5 18. f4 Be7 19. h3 Bb7 20. Rd1 Nh5 21. Ng4 Ndf6
22. dxe5 dxe5 23. Nxf6+ Nxf6 24. fxe5 Nxe4 25. Bxe4 Bxe4 26. Bd4 Rh5 27.
Rf1 Qc6 28. Rf2 Rg5 29. Nf4 Rg3 30. Re1 Bg5 31. Qe2 Bf5 32. Kh2 Rd8 33. Bb6
Rc8 34. e6 f6 35. Rd1 Bxf4 36. Rxf4 Bd3 37. Qf2 Be4 38. Rg1 Qd6 39. Qd4
Rxg2+ 40. Rxg2 Qxf4+ 41. Kg1 Qc1+ 42. Kf2 Qc2+ 43. Ke3 Qd3+ 44. Qxd3 Bxd3
45. Kd4 Bf5 46. Kd5 Ke7 47. Bc5+ Ke8 48. e7 g5 49. Rf2 Bxh3 50. Rxf6 Rxc5+
51. Kxc5 Kxe7 52. Rxa6 Bg2 53. Kd4 h3 54. Rh6 g4 55. Ke3 g3 56. Kf4 h2 57.
Kxg3 h1=Q 58. Rxh1 Bxh1 59. Kf4 Kd6 60. Ke3 Kc5 61. Kf4 Bg2 62. Ke5 Kb5 63.
Kd4 Bf1 64. Kd5 Kxa5 65. Kc5 Ka6 66. Kb4 Kb6 67. Ka4 Kc5 68. Ka3 Kd5 69.
Kb4 Ke4 70. Ka3 Kd3 0-1

[Event "EIWCC 2003"]
[Site "?"]
[Date "2003.12.06"]
[Round "10.4"]
[White "Cramling, Pia"]
[Black "Peptan, Corina"]
[Result "1-0"]
[WhiteElo "2470"]
[BlackElo "2471"]
[PlyCount "71"]
[EventDate "2003.??.??"]

1. d4 Nf6 2. Nf3 e6 3. c4 b6 4. g3 Ba6 5. Nbd2 Bb4 6. Qb3 c5 7. Bg2 Bb7 8. dxc5
Bxc5 9. O-O O-O 10. Qc2 Nc6 11. a3 Qc7 12. b4 Nd4 13. Nxd4 Bxd4 14. Bxb7 Qxb7
15. Ra2 Ng4 16. Qd3 Bf6 17. Ne4 Be7 18. Bf4 f5 19. Nd6 Bxd6 20. Bxd6 Rf6 21. f3
Nh6 22. Rd1 Rg6 23. Bf4 Rd8 24. Qd6 Qc8 25. Qc7 Nf7 26. Qxc8 Rxc8 27. Rxd7 e5
28. Be3 Rxc4 29. Rxa7 h5 30. Rb7 Rcc6 31. b5 Rce6 32. Rc2 h4 33. Rc8+ Kh7 34.
Rxf7 hxg3 35. Rxf5 gxh2+ 36. Kxh2 1-0

[Event "EIWCC 2003"]
[Site "?"]
[Date "2003.12.06"]
[Round "10.5"]
[White "Radziewicz, Iweta"]
[Black "Matveeva, Svetlana"]
[Result "1/2-1/2"]
[WhiteElo "2428"]
[BlackElo "2474"]
[PlyCount "143"]
[EventDate "2003.??.??"]

1. e4 e6 2. d4 d5 3. exd5 exd5 4. Nf3 Nf6 5. Bd3 c5 6. O-O c4 7. Re1+ Be7 8.
Bf1 O-O 9. Bg5 Nc6 10. c3 Be6 11. Bxf6 Bxf6 12. Na3 Rb8 13. Nc2 Qd6 14. Nd2 b5
15. a3 a5 16. g3 h6 17. Bg2 Qd7 18. Ne3 Ne7 19. f4 Rfe8 20. Nf3 Red8 21. Qd2 b4
22. axb4 axb4 23. Ra5 bxc3 24. bxc3 Rb3 25. Rea1 Rdb8 26. Ne1 g6 27. Qc1 Kg7
28. Ra7 Qd8 29. R7a6 Nf5 30. Nf3 Nxe3 31. Qxe3 Rb1+ 32. Rxb1 Rxb1+ 33. Ne1 Qb8
34. Ra2 Qb3 35. Rf2 Qa3 36. h3 Rd1 37. Re2 Rc1 38. Rc2 Rd1 39. Re2 Qb3 40. Kh2
h5 41. f5 gxf5 42. h4 Qb1 43. Bf3 Qc1 44. Bxh5 Qxe3 45. Rxe3 Rd2+ 46. Kh1 f4
47. gxf4 Bf5 48. Re2 Be4+ 49. Kg1 Rxe2 50. Bxe2 Bxh4 51. Nf3 Bg3 52. Nd2 Bf5
53. Nf1 Bxf4 54. Kf2 Be4 55. Ng3 Bg6 56. Bf3 Bd2 57. Bxd5 Bxc3 58. Bxc4 Bxd4+
59. Kf3 Kf6 60. Bd5 Bc2 61. Bc4 Kg6 62. Kg2 f6 63. Kf3 Be5 64. Kg4 f5+ 65. Kf3
Bd1+ 66. Be2 Bc2 67. Nxf5 Kxf5 68. Kg2 Kf4 69. Bf3 Bf5 70. Bc6 Ke3 71. Bb7 Bg4
72. Bc6 1/2-1/2

[Event "EIWCC 2003"]
[Site "?"]
[Date "2003.12.06"]
[Round "10.8"]
[White "Lomineishvili, Maria"]
[Black "Kosintseva, Nadezhda"]
[Result "1/2-1/2"]
[WhiteElo "2397"]
[BlackElo "2417"]
[PlyCount "65"]
[EventDate "2003.??.??"]

1. d4 Nf6 2. Nf3 g6 3. c4 Bg7 4. g3 O-O 5. Bg2 d6 6. Nc3 c6 7. O-O Qa5 8. e4
Bg4 9. h3 Bxf3 10. Bxf3 Nbd7 11. Be3 c5 12. Rc1 a6 13. b3 Rac8 14. a4 cxd4 15.
Bxd4 Ne5 16. Bg2 Nc6 17. Be3 Nd7 18. Nd5 e6 19. Bd2 Qd8 20. Nc3 Nc5 21. Ne2 Qb6
22. Rb1 Nb4 23. Bc3 Bxc3 24. Nxc3 e5 25. Qd2 Ne6 26. Kh1 Qd4 27. Qb2 Nd3 28.
Qd2 Nb4 29. Qb2 Nc5 30. Rbd1 Ncd3 31. Qd2 Nc5 32. Qb2 Ncd3 33. Qd2 1/2-1/2

[Event "EIWCC 2003"]
[Site "?"]
[Date "2003.06.12"]
[Round "10.9"]
[White "Zimina, Olga"]
[Black "Socko, Monika"]
[Result "0-1"]
[WhiteElo "2358"]
[BlackElo "2381"]
[PlyCount "88"]
[EventDate "2003.??.??"]

1. e4 e6 2. d4 d5 3. Nd2 Nf6 4. e5 Nfd7 5. c3 c5 6. Bd3 Nc6 7. Ngf3 g6 8. O-O
Bg7 9. Re1 O-O 10. Nf1 cxd4 11. cxd4 Qb6 12. Bc2 f6 13. exf6 Nxf6 14. Rb1 Ng4
15. Ne3 Nh6 16. Rf1 Nf7 17. Ng4 Nxd4 18. Nxd4 Qxd4 19. Qe2 Qb6 20. b3 e5 21.
Kh1 Bd7 22. a4 Rac8 23. Ne3 Be6 24. Ba3 Rfd8 25. f4 exf4 26. Rxf4 Re8 27. Bd3
Bh6 28. a5 Qd8 29. Qf1 Qc7 30. Rf3 Ne5 31. Rg3 d4 32. Nf5 Bxf5 33. Bxf5 Rcd8
34. a6 bxa6 35. Qxa6 Bf4 36. Be6+ Kh8 37. Rh3 d3 38. Bb2 Qc2 39. Bxe5+ Bxe5 40.
Rf1 d2 41. Qxa7 Qc7 42. Qxc7 Bxc7 43. Bg4 Re1 44. Rhf3 d1=Q 0-1

[Event "EIWCC 2003"]
[Site "?"]
[Date "2003.06.12"]
[Round "10.10"]
[White "Kovalevskaya, Ekaterina"]
[Black "Javakhishvili, Lela"]
[Result "1/2-1/2"]
[WhiteElo "2447"]
[BlackElo "2336"]
[PlyCount "116"]
[EventDate "2003.??.??"]

1. e4 c5 2. Nc3 Nc6 3. g3 g6 4. Bg2 Bg7 5. d3 d6 6. Be3 e6 7. Qd2 a6 8. f4 Nge7
9. Nf3 Nd4 10. Nh4 O-O 11. O-O f5 12. Rae1 Rb8 13. Nd1 b5 14. Bf2 Qc7 15. c3
Ndc6 16. exf5 gxf5 17. Nf3 b4 18. Ng5 bxc3 19. bxc3 Rf6 20. d4 cxd4 21. cxd4
Nb4 22. Ne3 d5 23. g4 Qd6 24. Nf3 Nbc6 25. Ne5 Rf8 26. gxf5 Nxf5 27. Nxf5 Rxf5
28. Bh3 Rf8 29. Rc1 Bd7 30. Rfe1 Nxe5 31. dxe5 Qa3 32. Re3 Qa4 33. f5 exf5 34.
Qxd5+ Kh8 35. e6 Be8 36. Rg3 Bg6 37. e7 Rfe8 38. Rxg6 hxg6 39. Rc4 Rb4 40. Rxb4
Qxb4 41. Bc5 Qe1+ 42. Bf1 Rxe7 43. Bxe7 Qxe7 44. Bc4 Kh7 45. Kf1 Qc7 46. Kg2 a5
47. Bb3 Qc3 48. Qf3 Qd2+ 49. Qf2 Qg5+ 50. Qg3 Qd2+ 51. Qf2 Qd8 52. Qf3 Be5 53.
Qe3 Qc7 54. Qd3 Kg7 55. Qc4 Qxc4 56. Bxc4 Kf6 57. h3 g5 58. Kf3 a4 1/2-1/2

[Event "EIWCC 2003"]
[Site "?"]
[Date "2003.06.12"]
[Round "10.11"]
[White "Alexandrova, Olga"]
[Black "Slavina, Irina"]
[Result "1/2-1/2"]
[WhiteElo "2445"]
[BlackElo "2381"]
[PlyCount "89"]
[EventDate "2003.??.??"]

1. d4 f5 2. g3 Nf6 3. Bg2 e6 4. c4 c6 5. Qc2 d5 6. Nh3 Bd6 7. Nf4 O-O 8. Nd2
Qe7 9. Nf3 b6 10. O-O Ne4 11. Nd3 Bb7 12. Rd1 Nd7 13. Bf4 Bxf4 14. Nxf4 Rac8
15. Qa4 a6 16. cxd5 cxd5 17. Rac1 Qd6 18. Qb3 Rxc1 19. Rxc1 Rc8 20. Rxc8+ Bxc8
21. Qc2 Bb7 22. e3 Kf8 23. Bf1 Ke7 24. Qa4 b5 25. Qa5 Qb6 26. Qb4+ Qd6 27. a3
Qxb4 28. axb4 g5 29. Nd3 g4 30. Nfe5 Nxe5 31. Nxe5 Nd6 32. b3 Ne4 33. Be2 Ng5
34. Kg2 Nf7 35. Nd3 e5 36. Nc5 Bc8 37. dxe5 Nxe5 38. Kf1 Nc6 39. Nd3 d4 40.
exd4 Nxd4 41. Bd1 Kd6 42. Ke1 Be6 43. Nc5 Nc6 44. Nd3 Nd4 45. Nc5 1/2-1/2

[Event "EIWCC 2003"]
[Site "?"]
[Date "2003.06.12"]
[Round "10.12"]
[White "Peng, Zhaoqin"]
[Black "Dzagnidze, Nana"]
[Result "1-0"]
[WhiteElo "2433"]
[BlackElo "2376"]
[PlyCount "103"]
[EventDate "2003.??.??"]

1. d4 Nf6 2. c4 e6 3. Nf3 b6 4. g3 Ba6 5. Qb3 Be7 6. Bg2 O-O 7. O-O d5 8. cxd5
Bxe2 9. dxe6 Bxf1 10. exf7+ Kh8 11. Kxf1 Nc6 12. Nc3 Rb8 13. Bf4 Nxd4 14. Nxd4
Qxd4 15. Nb5 Qb4 16. Qxb4 Bxb4 17. Nxc7 Nh5 18. Na6 Nxf4 19. Nxb8 Nxg2 20. Nc6
Rxf7 21. Kxg2 Bc5 22. f4 Rc7 23. Rd1 Kg8 24. Ne5 Rc8 25. Kf3 Bf8 26. Rd7 a6 27.
Ra7 a5 28. b3 Bb4 29. Rb7 g6 30. Nc4 Bc5 31. g4 Rd8 32. g5 a4 33. Ke4 Re8+ 34.
Ne5 axb3 35. axb3 Ra8 36. Nd7 Re8+ 37. Kd5 Re2 38. Nf6+ Kf8 39. Nxh7+ Ke8 40.
Nf6+ Kd8 41. Ne4 Rxh2 42. Nxc5 bxc5 43. Kxc5 Ke8 44. Rb6 Rf2 45. Rf6 Kd7 46. b4
Rf1 47. b5 Rf2 48. Kb6 Kc8 49. Kc6 Kd8 50. b6 Ke7 51. Kc7 Rc2+ 52. Rc6 1-0

[Event "EIWCC 2003"]
[Site "?"]
[Date "2003.06.12"]
[Round "10.15"]
[White "Velikhanli, Firuza"]
[Black "Vasilevich, Tatjana"]
[Result "0-1"]
[WhiteElo "2305"]
[BlackElo "2410"]
[PlyCount "60"]
[EventDate "2003.??.??"]

1. e4 c5 2. Nf3 d6 3. d4 cxd4 4. Nxd4 Nf6 5. Nc3 e6 6. Be2 Be7 7. O-O Nc6 8.
Be3 Bd7 9. f4 Nxd4 10. Bxd4 Bc6 11. Bf3 O-O 12. Qe1 b5 13. Rd1 b4 14. Nb1 Qc7
15. Qg3 g6 16. Rfe1 Nd7 17. f5 Ne5 18. Bg4 exf5 19. exf5 Bf6 20. fxg6 fxg6 21.
c3 a5 22. Nd2 Rae8 23. cxb4 Nxg4 24. Qxg4 Qd7 25. Qf4 Be5 26. Qe3 Bxh2+ 27.
Kxh2 Rxe3 28. Bxe3 Qg4 29. Nf3 Bxf3 30. gxf3 Rxf3 0-1

[Event "EIWCC 2003"]
[Site "?"]
[Date "2003.06.12"]
[Round "10.17"]
[White "Fakhiridou, Ekaterini"]
[Black "Matnadze, Ana"]
[Result "1/2-1/2"]
[WhiteElo "2276"]
[BlackElo "2386"]
[PlyCount "60"]
[EventDate "2003.??.??"]

1. e4 c5 2. Nf3 d6 3. d4 cxd4 4. Nxd4 Nf6 5. Nc3 Nc6 6. Bc4 Bd7 7. O-O g6 8.
Nxc6 Bxc6 9. Re1 Bg7 10. Bg5 O-O 11. Nd5 Bxd5 12. exd5 Qd7 13. c3 b5 14. Bb3 a5
15. a4 Rab8 16. Qd2 Rfc8 17. h4 Qb7 18. axb5 Qxb5 19. Ra3 a4 20. Bxa4 Qxd5 21.
Qxd5 Nxd5 22. Bb3 e6 23. Bxd5 exd5 24. Bc1 d4 25. cxd4 Bxd4 26. Rd3 Be5 27. g3
Rc2 28. Kg2 Bxb2 29. Bf4 Bc3 30. Ree3 Be5 1/2-1/2

[Event "EIWCC 2003"]
[Site "?"]
[Date "2003.06.12"]
[Round "10.18"]
[White "Zhukova, Natalia"]
[Black "Zaiatz, Elena"]
[Result "1-0"]
[WhiteElo "2448"]
[BlackElo "2339"]
[PlyCount "151"]
[EventDate "2003.??.??"]

1. d4 Nf6 2. c4 e6 3. Nf3 Bb4+ 4. Nbd2 b6 5. a3 Bxd2+ 6. Qxd2 Bb7 7. e3 d6 8.
b3 Qe7 9. Bb2 Nbd7 10. Rd1 O-O 11. Be2 Ne4 12. Qd3 f5 13. O-O Rae8 14. Ne1 Qh4
15. f3 Nef6 16. Nc2 Nh5 17. b4 f4 18. Bc1 Rf6 19. exf4 Ref8 20. Be3 Rg6 21. Qd2
Nxf4 22. Bxf4 Rxf4 23. Bd3 Rg5 24. Ne1 e5 25. d5 Qh6 26. g3 Rh4 27. f4 Rxf4 28.
Rxf4 exf4 29. Qxf4 Rh5 30. Qxh6 Rxh6 31. Nf3 Rf6 32. Ng5 h6 33. Ne6 Ne5 34.
Nxc7 Rf3 35. Bf1 Rxa3 36. Nb5 Ra2 37. Bd3 Nf3+ 38. Kf1 Nxh2+ 39. Kg1 Nf3+ 40.
Kf1 Bc8 41. Be2 Bh3+ 42. Kf2 Ne5 43. Rd4 Bg4 44. Rxg4 Nxg4+ 45. Ke1 Ne5 46.
Nxd6 a5 47. bxa5 Rxa5 48. Nc8 Ra1+ 49. Kd2 Ra2+ 50. Ke3 Rb2 51. Bf1 Kf8 52. Kd4
Nd7 53. Bh3 Nf6 54. Kc3 Rh2 55. Bf5 Rf2 56. Be6 Ne4+ 57. Kd4 Nc5 58. Bg4 Rd2+
59. Ke5 Rb2 60. d6 Ke8 61. Kd5 Nd7 62. Kc6 Nb8+ 63. Kb7 Nd7 64. Kc7 Ne5 65. d7+
Nxd7 66. Bxd7+ Kf7 67. g4 g6 68. Nxb6 h5 69. gxh5 gxh5 70. c5 h4 71. Nd5 Rb3
72. Nf4 Rf3 73. Nh3 Ke7 74. c6 Rc3 75. Nf4 Kf7 76. Kd8 1-0

[Event "EIWCC 2003"]
[Site "?"]
[Date "2003.06.12"]
[Round "10.20"]
[White "Mamedjarova, Zeinab"]
[Black "Foisor, Cristina Adela"]
[Result "1-0"]
[WhiteElo "2298"]
[BlackElo "2395"]
[PlyCount "135"]
[EventDate "2003.??.??"]

1. d4 d5 2. Nf3 Nf6 3. Bf4 c6 4. c3 g6 5. e3 Bg4 6. h3 Bxf3 7. Qxf3 Nbd7 8. Bd3
Bg7 9. Nd2 O-O 10. g4 e5 11. dxe5 Nc5 12. Bc2 Nfd7 13. Qe2 Nxe5 14. Bg3 Re8 15.
O-O Qe7 16. Rae1 Rad8 17. Kg2 b5 18. Rb1 a6 19. Rfd1 Qb7 20. Nb3 Nxb3 21. axb3
c5 22. e4 Nd7 23. f3 Nf8 24. Bh4 Rd7 25. c4 dxc4 26. bxc4 Ne6 27. Rxd7 Qxd7 28.
Bg3 Qb7 29. Bd3 Nd4 30. Qe3 b4 31. e5 Qd7 32. f4 a5 33. Be4 Qa4 34. b3 Qa2+ 35.
Qf2 Qa3 36. Bd5 a4 37. bxa4 Qxa4 38. f5 gxf5 39. gxf5 Qc2 40. Qxc2 Nxc2 41. f6
Bh6 42. Kf3 Nd4+ 43. Ke4 Ne2 44. Be1 Nf4 45. Bf2 Ng6 46. Bxc5 Nxe5 47. Rg1+
Ng6+ 48. Kd3 Bf8 49. Bd4 Rd8 50. h4 Kh8 51. Ke4 Nxh4 52. Rg4 Ng6 53. Bxf7 b3
54. Bxg6 hxg6 55. f7+ Kh7 56. Rh4+ Bh6 57. Be3 g5 58. Bxg5 Rb8 59. Rxh6+ Kg7
60. Rh1 Kxf7 61. Bd2 Ke6 62. Bc3 Rg8 63. Rh6+ Kd7 64. Rb6 Rg4+ 65. Kd5 Rg5+ 66.
Be5 Rh5 67. Rxb3 Kc8 68. c5 1-0

[Event "EIWCC 2003"]
[Site "?"]
[Date "2003.06.12"]
[Round "10.21"]
[White "Gvetadze, Sopio"]
[Black "Shumiakina, Tatiana"]
[Result "1-0"]
[WhiteElo "2320"]
[BlackElo "2373"]
[PlyCount "97"]
[EventDate "2003.??.??"]

1. e4 c5 2. Nf3 e6 3. c4 Nc6 4. Nc3 Nge7 5. d4 Nxd4 6. Nxd4 cxd4 7. Qxd4 Nc6 8.
Qd3 Bc5 9. Bf4 O-O 10. Be2 e5 11. Be3 Bxe3 12. fxe3 Qh4+ 13. g3 Qg5 14. O-O-O
d6 15. Kb1 Bh3 16. Rhg1 Be6 17. h4 Qh6 18. Nb5 Rad8 19. Qa3 Qg6 20. Nxd6 Rxd6
21. Rxd6 Qxe4+ 22. Bd3 Qg4 23. Qc3 e4 24. Bc2 Qf5 25. g4 Qc5 26. Rdd1 Ne5 27.
Bxe4 Nxc4 28. Rge1 b5 29. g5 b4 30. Qd4 Qa5 31. Bd5 Nb6 32. Bxe6 fxe6 33. Qd6
Qf5+ 34. e4 Qg4 35. Qe7 Nc8 36. Qxb4 Qxh4 37. Rf1 Re8 38. Qa4 Qh5 39. a3 Qg6
40. Ka2 a5 41. Rf2 Qh5 42. Rfd2 Nb6 43. Qb5 Na8 44. Qxa5 Qf7 45. Rd7 Qf4 46.
Rd8 Nc7 47. R1d7 Kf8 48. Qxc7 Qxc7 49. Rxe8+ 1-0

[Event "EIWCC 2003"]
[Site "?"]
[Date "2003.06.12"]
[Round "10.22"]
[White "Ionescu-Brandis, Irina"]
[Black "Sharevich, Anna"]
[Result "1-0"]
[WhiteElo "2366"]
[BlackElo "2252"]
[PlyCount "29"]
[EventDate "2003.??.??"]

1. e4 c5 2. Nf3 e6 3. c3 Nf6 4. e5 Nd5 5. Bc4 Nb6 6. Bb3 c4 7. Bc2 Nc6 8. b3 d6
9. exd6 Bxd6 10. bxc4 Ne7 11. d3 Ng6 12. d4 Qc7 13. O-O Bd7 14. Nbd2 Ne7 15.
Ne4 1-0

[Event "EIWCC 2003"]
[Site "?"]
[Date "2003.06.12"]
[Round "10.24"]
[White "Voiska, Margarita"]
[Black "Makka, Ioulia"]
[Result "1/2-1/2"]
[WhiteElo "2354"]
[BlackElo "2234"]
[PlyCount "117"]
[EventDate "2003.??.??"]

1. d4 d5 2. Nf3 Nf6 3. e3 e6 4. Bd3 Be7 5. O-O O-O 6. Nbd2 b6 7. Ne5 Bb7 8. f4
Ne4 9. Nxe4 dxe4 10. Bc4 Ba6 11. Bxa6 Nxa6 12. Qe2 Nb8 13. b3 Bd6 14. Bb2 Nd7
15. Rad1 Qc8 16. c4 f6 17. Nxd7 Qxd7 18. d5 Rad8 19. Qc2 exd5 20. Rxd5 Qe7 21.
Rfd1 Bc5 22. Kf2 Rxd5 23. Rxd5 Rd8 24. Qd2 Rxd5 25. Qxd5+ Kf8 26. g4 Qd6 27.
Qxd6+ Bxd6 28. h4 Kf7 29. f5 g6 30. Kg2 gxf5 31. gxf5 Be5 32. Bc1 h5 33. Bd2
Ke7 34. Bb4+ Kd7 35. Kf2 Kc6 36. Be7 a5 37. Ba3 b5 38. cxb5+ Kxb5 39. Be7 Kc6
40. Ba3 Kd5 41. Be7 Bc3 42. a3 Ke5 43. a4 Kxf5 44. Bd8 c6 45. Kg3 Be1+ 46. Kg2
Ke6 47. Kf1 Bc3 48. Kf2 Kf5 49. Kg3 Bb4 50. Kh3 Be1 51. Kg2 Ke5 52. Kf1 Bc3 53.
Kf2 Ke6 54. Kg3 Kd7 55. Bb6 Be5+ 56. Kf2 Bc3 57. Kg3 Be5+ 58. Kf2 Bc3 59. Kg3
1/2-1/2

[Event "EIWCC 2003"]
[Site "?"]
[Date "2003.06.12"]
[Round "10.25"]
[White "Velcheva, Maria"]
[Black "Petrenko, Svetlana"]
[Result "1/2-1/2"]
[WhiteElo "2249"]
[BlackElo "2348"]
[PlyCount "126"]
[EventDate "2003.??.??"]

1. e4 c5 2. Nf3 d6 3. d4 cxd4 4. Nxd4 Nf6 5. Nc3 e5 6. Nb3 Be7 7. g3 Be6 8. Bg2
Bc4 9. Be3 Nc6 10. Nd5 O-O 11. Nd2 Bxd5 12. exd5 Nb4 13. c4 Qc8 14. O-O Ng4 15.
a3 Nxe3 16. fxe3 Na6 17. b4 Qd7 18. Qe2 Nc7 19. Rac1 Rab8 20. Qd3 b6 21. e4 Ne8
22. Rf2 g6 23. Qe3 Ng7 24. Nf3 f5 25. c5 bxc5 26. bxc5 f4 27. Qc3 fxg3 28. hxg3
Nh5 29. cxd6 Bxd6 30. Nxe5 Qb5 31. Ng4 Rxf2 32. Nh6+ Kf8 33. Kxf2 Qb2+ 34. Rc2
Bxg3+ 35. Kf1 Qxc3 36. Rxc3 Rb1+ 37. Ke2 Rb2+ 38. Kf1 Bf4 39. Rf3 Ke7 40. Ng4
Ng3+ 41. Kg1 h5 42. Nf2 Rb1+ 43. Kh2 g5 44. Nd3 Nf1+ 45. Kg1 Nd2+ 46. Kf2 Nxe4+
47. Ke2 Nc3+ 48. Kf2 Nxd5 49. Rh3 Nf6 50. Nxf4 gxf4 51. Rc3 Ng4+ 52. Kf3 Rb2
53. Bh3 Rf2+ 54. Ke4 Kf6 55. Rc5 Kg6 56. Ra5 Nf6+ 57. Ke5 f3 58. Kf4 h4 59.
Bf5+ Kh6 60. Ra6 Kg7 61. Rxa7+ Kh6 62. Ra6 Kg7 63. Ra7+ Kh6 1/2-1/2

[Event "EIWCC 2003"]
[Site "?"]
[Date "2003.06.12"]
[Round "10.26"]
[White "Pogonina, Natalija"]
[Black "Calzetta Ruiz, Monica"]
[Result "1-0"]
[WhiteElo "2347"]
[BlackElo "2253"]
[PlyCount "101"]
[EventDate "2003.??.??"]

1. e4 c5 2. Nf3 d6 3. d4 cxd4 4. Nxd4 Nf6 5. Nc3 g6 6. Be3 Bg7 7. f3 O-O 8. Qd2
Nc6 9. Bc4 Bd7 10. O-O-O Qa5 11. Kb1 Rfc8 12. Bb3 Ne5 13. g4 b5 14. h4 Nc4 15.
Bxc4 bxc4 16. h5 Rab8 17. Ka1 Rb4 18. hxg6 fxg6 19. Rb1 Rcb8 20. a3 R4b7 21.
Ka2 e5 22. Nde2 Be6 23. Qxd6 Bf7 24. Qc5 Qa6 25. Bh6 Nd7 26. Qe3 Bh8 27. Rhd1
Bf6 28. Bg5 Bg7 29. Be7 Nf8 30. Bd6 Rc8 31. f4 exf4 32. Bxf4 Ne6 33. Bd6 Rc6
34. e5 Rcb6 35. Ng3 Nc7 36. Bxc7 Rxc7 37. Rd8+ Bf8 38. Qh6 Rxb2+ 39. Rxb2 Qxa3+
40. Kb1 Be6 41. Nb5 Rd7 42. Nxa3 Rxd8 43. Qh1 Bxa3 44. Rb7 h5 45. Qe4 Bf7 46.
e6 Be8 47. gxh5 c3 48. Ka2 Bc5 49. h6 Bd4 50. h7+ Kh8 51. Rd7 1-0

[Event "EIWCC 2003"]
[Site "?"]
[Date "2003.06.12"]
[Round "10.27"]
[White "Janjgava, Natia"]
[Black "Pokorna, Regina"]
[Result "0-1"]
[WhiteElo "2286"]
[BlackElo "2418"]
[PlyCount "64"]
[EventDate "2003.??.??"]

1. Nf3 Nf6 2. c4 e6 3. d4 d5 4. Nc3 c5 5. cxd5 exd5 6. Bg5 cxd4 7. Nxd4 Be7 8.
e3 O-O 9. Be2 Nc6 10. O-O Be6 11. Rc1 Rc8 12. Na4 Ne4 13. Bxe7 Qxe7 14. f3 Nd6
15. Bd3 Nxd4 16. exd4 Qf6 17. Rxc8 Rxc8 18. Kh1 g6 19. Nc5 Qxd4 20. Nxe6 fxe6
21. Qe2 Qf6 22. Re1 Kg7 23. Kg1 Re8 24. Kf2 b6 25. a4 Re7 26. Ra1 Nb7 27. Kf1
Nc5 28. Ra3 a5 29. Bb5 Qf4 30. g3 Qb4 31. Rc3 e5 32. Kg2 Qd4 0-1

[Event "EIWCC 2003"]
[Site "?"]
[Date "2003.06.12"]
[Round "10.28"]
[White "Dworakowska, Joanna"]
[Black "Hlgatian, Goar"]
[Result "1-0"]
[WhiteElo "2387"]
[BlackElo "2216"]
[PlyCount "70"]
[EventDate "2003.??.??"]

1. e4 e5 2. d4 exd4 3. Nf3 Bb4+ 4. c3 dxc3 5. Nxc3 Nc6 6. Bc4 h6 7. O-O Bxc3 8.
bxc3 Nge7 9. Bf4 d6 10. Rb1 O-O 11. Qd2 Ng6 12. Be3 Na5 13. Be2 b6 14. Nd4 Bb7
15. f3 Ne5 16. Bxh6 gxh6 17. Qxh6 Ng6 18. Nf5 Qf6 19. h4 Bc8 20. h5 Bxf5 21.
exf5 Qxf5 22. hxg6 Qxg6 23. Qd2 c5 24. Bd3 Qf6 25. f4 Kg7 26. Rf3 Rh8 27. Rg3+
Kf8 28. Bb5 Rd8 29. Qd5 Rh4 30. Rf1 Qh6 31. Rff3 Rh5 32. Rg5 Rh4 33. Rf5 Qh7
34. Rg3 Rh6 35. Rfg5 Qc2 1-0

[Event "EIWCC 2003"]
[Site "?"]
[Date "2003.06.12"]
[Round "10.34"]
[White "Krivec, Jana"]
[Black "Arakhamia-Grant, Ketevan"]
[Result "1-0"]
[WhiteElo "2256"]
[BlackElo "2413"]
[PlyCount "113"]
[EventDate "2003.??.??"]

1. e4 d5 2. exd5 Qxd5 3. Nc3 Qa5 4. d4 Nf6 5. Bc4 c6 6. Nf3 Bf5 7. Qe2 e6 8.
Bd2 Bb4 9. O-O Nbd7 10. a3 Bxc3 11. Bxc3 Qc7 12. Ne5 O-O 13. h3 Ne4 14. g4 Nxe5
15. dxe5 Bg6 16. Qe3 Qb6 17. Qxb6 axb6 18. Bb4 c5 19. Be1 Rad8 20. f4 Nd2 21.
Bxd2 Rxd2 22. f5 Rxc2 23. b3 exf5 24. gxf5 Bh5 25. e6 Re8 26. Rae1 Kf8 27. Rf4
Rd2 28. Rh4 g6 29. Rf1 f6 30. fxg6 Bxg6 31. Rxf6+ Kg7 32. Rhf4 Re7 33. a4 Rd4
34. Rf2 Re4 35. Kh2 Re3 36. R2f4 Re8 37. Rf2 Rd8 38. R6f3 Re5 39. Rf1 Rd6 40.
Rf6 Rd2+ 41. R6f2 Rxf2+ 42. Rxf2 Be8 43. Kg3 Re3+ 44. Kh2 Bc6 45. Rf7+ Kg6 46.
h4 h6 47. Rf4 Re1 48. Bd3+ Kg7 49. Rf7+ Kg8 50. Bc4 Rh1+ 51. Kg3 Rg1+ 52. Kf4
Rg7 53. Ke5 Be8 54. Rxg7+ Kxg7 55. Kd6 Kf6 56. Kc7 Bc6 57. Kd8 1-0

[Event "EIWCC 2003"]
[Site "?"]
[Date "2003.06.12"]
[Round "10.35"]
[White "Papadopoulou, Vera"]
[Black "Stepovaia-Dianchenko, Tatiana"]
[Result "0-1"]
[WhiteElo "2230"]
[BlackElo "2394"]
[PlyCount "60"]
[EventDate "2003.??.??"]

1. d4 d5 2. c4 e6 3. Nf3 c6 4. Nbd2 f5 5. e3 Nf6 6. b3 Bd6 7. Bb2 Nbd7 8. Bd3
Ne4 9. O-O Qf6 10. a4 g5 11. Bxe4 dxe4 12. Ne5 O-O 13. Nxd7 Bxd7 14. c5 Bc7 15.
Nc4 Qh6 16. Ne5 Be8 17. Qc2 Rd8 18. b4 a6 19. Bc3 Rd5 20. Rae1 g4 21. Rd1 Rf6
22. Qe2 Qh4 23. f4 gxf3 24. gxf3 Bxe5 25. dxe5 exf3 26. Rxf3 Rg6+ 27. Kh1 Rxd1+
28. Qxd1 Qe4 29. Be1 Rg7 30. Bf2 Bh5 0-1

[Event "EIWCC 2003"]
[Site "?"]
[Date "2003.06.12"]
[Round "10.36"]
[White "Houska, Jovanka"]
[Black "Dergatschova-Daus, Anna"]
[Result "1-0"]
[WhiteElo "2386"]
[BlackElo "2250"]
[PlyCount "125"]
[EventDate "2003.??.??"]

1. e4 e5 2. Nc3 Nf6 3. Nf3 Nc6 4. g3 Bc5 5. Bg2 d6 6. d3 a6 7. h3 h6 8. Be3 Nd4
9. Qd2 Nxf3+ 10. Bxf3 Be6 11. Bg2 Qd7 12. f4 Bxe3 13. Qxe3 Qc6 14. O-O-O b5 15.
d4 exd4 16. Rxd4 O-O-O 17. Rhd1 Qb6 18. Qd2 Qa5 19. e5 Ne8 20. Qe2 g6 21. Qe4
Qb6 22. Nd5 Bxd5 23. Qxd5 Rh7 24. a4 Kd7 25. Qe4 bxa4 26. f5 Rb8 27. exd6 Nxd6
28. f6 Re8 29. Qg4+ Kd8 30. Rb4 h5 31. Qf4 Qc5 32. Rb8+ Kd7 33. Qxa4+ Ke6 34.
Rxe8+ Nxe8 35. Qxe8+ Kxf6 36. Rf1+ Kg5 37. b4 Qc3 38. Qd8+ f6 39. h4+ Kh6 40.
Qxf6 Qa3+ 41. Kd1 Rd7+ 42. Ke2 Qxg3 43. Qh8+ Rh7 44. Qf8+ Rg7 45. Qf4+ Qxf4 46.
Rxf4 Re7+ 47. Re4 Rd7 48. Re6 Rd4 49. Re4 Rd6 50. Rc4 g5 51. Rxc7 Rd4 52. Rc6+
Kg7 53. hxg5 Rxb4 54. Bf3 h4 55. Rxa6 Rc4 56. Kd3 Rf4 57. Rf6 Ra4 58. c4 Ra3+
59. Kd4 h3 60. Bd5 Rg3 61. Rh6 Rg4+ 62. Kc5 Rg3 63. Kc6 1-0

[Event "EIWCC 2003"]
[Site "?"]
[Date "2003.06.12"]
[Round "10.38"]
[White "Calotescu, Cristina"]
[Black "Galojan, Lilit"]
[Result "1/2-1/2"]
[WhiteElo "2334"]
[BlackElo "2242"]
[PlyCount "107"]
[EventDate "2003.??.??"]

1. c4 e5 2. g3 Nc6 3. Bg2 g6 4. Nc3 Bg7 5. e4 d6 6. Nge2 Nge7 7. O-O O-O 8. d3
Be6 9. Rb1 a5 10. a3 Qd7 11. b4 f5 12. Nd5 axb4 13. axb4 h6 14. b5 Nd8 15. Be3
Ra3 16. Rb3 Rxb3 17. Qxb3 c6 18. Nxe7+ Qxe7 19. Re1 Qf7 20. exf5 gxf5 21. bxc6
bxc6 22. Qb6 d5 23. cxd5 Bxd5 24. Bxd5 Qxd5 25. d4 Nf7 26. Qc5 Qxc5 27. dxc5
Rc8 28. f3 Nd8 29. g4 fxg4 30. fxg4 Ne6 31. Ng3 Nd4 32. Kg2 Rd8 33. Rd1 Rd5 34.
Bxd4 exd4 35. Ne4 Kf7 36. Kf3 Ke6 37. Rd3 Rd7 38. Ng3 Kd5 39. Nf5 Kxc5 40. Ke4
Kc4 41. Rd1 c5 42. Rc1+ Kb5 43. Kd3 Ra7 44. Ke4 Kc6 45. h4 Rd7 46. g5 hxg5 47.
hxg5 d3 48. Nxg7 d2 49. Rd1 Rxg7 50. Rxd2 Rxg5 51. Kd3 Rg3+ 52. Kc4 Rg4+ 53.
Kc3 Rh4 54. Rd8 1/2-1/2